000 00826nam a2200241 a 4500
001 000030511
005 20240412074254.0
008 100915s2011 dr 000 j spa d
020 _a9789945100129
040 _aDO-SdBNP
_bspa
_cBNPHU
082 _aRD863.44
_bS787p, 2011
100 1 _aStanley, Avelino,
_d1959-
_91536
245 1 3 _aLa piel acosada :
_bcuentos /
_cAvelino Stanley.
250 _a2a. ed.
260 _aSanto Domingo :
_bCocolo,
_c2011.
300 _a151 p. ;
_c22 cm.
500 _aIncluye datos biográficos del autor en contracubierta.
586 _aPremio Internacional Ciudad de Viareggio en Italia, organizado por la Editorial Il Molo
590 _aInventariado, 2019/VM
650 0 _aCuentos dominicanos
_9176
650 0 _aLiteratura dominicana.
_967
910 _aValidado. Control de calidad MFF
999 _c30003
_d30003